Revision survey settlement of 69 government villages of the Viramam taluka of the Ahmedabad collectorate (Record no. 517463)

MARC details
000 -LEADER
fixed length control field 00728nam a2200229Ia 4500
003 - CONTROL NUMBER IDENTIFIER
control field OSt
005 - DATE AND TIME OF LATEST TRANSACTION
control field 20220925191149.0
008 - FIXED-LENGTH DATA ELEMENTS--GENERAL INFORMATION
fixed length control field 220923b |||||||| |||| 00| 0 eng d
037 ## - SOURCE OF ACQUISITION
Terms of availability General Book
040 ## - CATALOGING SOURCE
Original cataloging agency RTL
Transcribing agency RTL
Language of cataloging eng
041 ## - LANGUAGE CODE
Source of code eng
Language code of text/sound track or separate title eng
110 ## - MAIN ENTRY--CORPORATE NAME
Corporate name or jurisdiction name as entry element BOMBAY (Govt. of-)
245 #0 - TITLE STATEMENT
Title Revision survey settlement of 69 government villages of the Viramam taluka of the Ahmedabad collectorate
260 ## - PUBLICATION, DISTRIBUTION, ETC.
Place of publication, distribution, etc. Bombay
Name of publisher, distributor, etc. Government of Bombay
Date of publication, distribution, etc. 1890
500 ## - GENERAL NOTE
General note 1890 (65p), App. 16-65p; 1895 (34p), App. 6-34p
700 ## - ADDED ENTRY--PERSONAL NAME
Personal name BOMBAY (Govt. of-)
942 ## - ADDED ENTRY ELEMENTS (KOHA)
Classification part X723.23181.M90t4
Koha item type General Books
Source of classification or shelving scheme Colon Classification (CC)

No items available.

Copyright @ Delhi University Library System